योग शिक्षा : (Record no. 118298)
[ view plain ]
| 000 -LEADER | |
|---|---|
| fixed length control field | 01276nam a22003017a 4500 |
| 003 - CONTROL NUMBER IDENTIFIER | |
| control field | dpl |
| 005 - DATE AND TIME OF LATEST TRANSACTION | |
| control field | 20181210142718.0 |
| 008 - FIXED-LENGTH DATA ELEMENTS--GENERAL INFORMATION | |
| fixed length control field | 181210b ||||| |||| 00| 0 eng d |
| 010 ## - LIBRARY OF CONGRESS CONTROL NUMBER | |
| LC control number | B-195472 |
| 020 ## - INTERNATIONAL STANDARD BOOK NUMBER | |
| Terms of availability | 00.00 |
| International Standard Book Number | 8172161808 |
| 035 ## - SYSTEM CONTROL NUMBER | |
| System control number | B-195472 |
| 035 ## - SYSTEM CONTROL NUMBER | |
| System control number | B-195489 |
| 037 ## - SOURCE OF ACQUISITION | |
| Source of stock number/acquisition | Cen Lib/Ret |
| 040 ## - CATALOGING SOURCE | |
| Original cataloging agency | DPL |
| Language of cataloging | HN |
| Transcribing agency | dpl |
| 082 ## - DEWEY DECIMAL CLASSIFICATION NUMBER | |
| Classification number | 613.7046 |
| Item number | शर्माज |
| 100 ## - MAIN ENTRY--PERSONAL NAME | |
| Personal name | शर्मा, जयप्रकाश |
| 9 (RLIN) | 79323 |
| 245 ## - TITLE STATEMENT | |
| Title | योग शिक्षा : |
| Statement of responsibility, etc | जयप्रकाश शर्मा [एवं] मधु सहगल |
| Remainder of title | एक परिचय / |
| 246 ## - VARYING FORM OF TITLE | |
| Title proper/short title | Yog shiksha : ek parichya |
| Remainder of title | by Jaiprakash Sharma [evam] Madhu Sahgal |
| 260 ## - PUBLICATION, DISTRIBUTION, ETC. (IMPRINT) | |
| Place of publication, distribution, etc | नई दिल्ली |
| Name of publisher, distributor, etc | फ्रेंड्स पब्लिकेशन |
| Date of publication, distribution, etc | 2006 |
| 270 ## - ADDRESS | |
| Address | 101, 4787/23, अंसारी रोड दरिया गंज |
| City | नई दिल्ली |
| Postal code | 110002 |
| 300 ## - PHYSICAL DESCRIPTION | |
| Extent | 212पृष्ठ. : |
| Dimensions | 20सेमी(सजिल्द) |
| Other physical details | चित्र. |
| 650 ## - SUBJECT ADDED ENTRY--TOPICAL TERM | |
| Topical term or geographic name as entry element | योग शिक्षा |
| 9 (RLIN) | 79324 |
| 650 ## - SUBJECT ADDED ENTRY--TOPICAL TERM | |
| Topical term or geographic name as entry element | योगासन |
| 9 (RLIN) | 79325 |
| 650 ## - SUBJECT ADDED ENTRY--TOPICAL TERM | |
| Topical term or geographic name as entry element | Yoga Education |
| 9 (RLIN) | 33782 |
| 650 ## - SUBJECT ADDED ENTRY--TOPICAL TERM | |
| Topical term or geographic name as entry element | Yoga |
| 9 (RLIN) | 79326 |
| 700 ## - ADDED ENTRY--PERSONAL NAME | |
| Personal name | सहगल, मधु |
| 9 (RLIN) | 79327 |
| 942 ## - ADDED ENTRY ELEMENTS (KOHA) | |
| Source of classification or shelving scheme | Dewey Decimal Classification |
| Koha item type | Hindi Books |
| Classification part | 613.7046 |
| Call number suffix | शर्माज |
| Withdrawn status | Lost status | Damaged status | Not for loan | Home library | Current library | Date acquired | Source of acquisition | Cost, normal purchase price | Total Checkouts | Full call number | Barcode | Date last seen | Copy number | Cost, replacement price | Price effective from | Koha item type | Source of classification or shelving scheme | Collection code |
|---|---|---|---|---|---|---|---|---|---|---|---|---|---|---|---|---|---|---|
| Central Library | Central Library | 10/09/2015 | Cen Lib/Ret | 0.00 | 613.7046 शर्माज | B-195472 | 10/09/2015 | 1 | 0.00 | 10/09/2015 | Hindi Books | |||||||
| Qila Rai Pithora | Qila Rai Pithora | 10/12/2018 | फ्रेंद्ज़ पब्लिकेशन | 613.7046 शर्माज | B-195489 | 10/12/2018 | 10/12/2018 | Hindi Books | Dewey Decimal Classification | Non-fiction |
